Alle kernen van Flevoland - Statistieken

Algemene statistieken
  • Deze quiz is 5 keer genomen
  • De gemiddelde score is 13 van 19
Antwoordstatistieken
Gemeente Bevolking Kern % Correct
1280px-Flag_of_Zeewolde.svg.png Zeewolde 24.291 1280px-Flag_of_Zeewolde.svg.png Zeewolde
100%
1280px-Flag_of_Lelystad.svg.png Lelystad 84.713 1280px-Flag_of_Lelystad.svg.png Lelystad
100%
1280px-Noordoostpolder_vlag.svg.png Noordoostpolder 27.545 1280px-Flag_of_Emmeloord.svg.png Emmeloord
100%
1280px-Urk_vlag.svg.png Urk 22.173 1280px-Urk_vlag.svg.png Urk
100%
1280px-Flag_of_Dronten.svg.png Dronten 31.140 1280px-Flag_of_Dronten.svg.png Dronten
100%
1280px-Almere_vlag.svg.png Almere 229.574 1280px-Almere_vlag.svg.png Almere
100%
1280px-Noordoostpolder_vlag.svg.png Noordoostpolder 2495 120px-Tollebeek_vlag.svg.png Tollebeek
75%
1280px-Flag_of_Dronten.svg.png Dronten 7235 1280px-Biddinghuizen_vlag.svg.png Biddinghuizen
75%
1280px-Noordoostpolder_vlag.svg.png Noordoostpolder 1705 1280px-Rutten_vlag.svg.png Rutten
50%
1280px-Noordoostpolder_vlag.svg.png Noordoostpolder 2780 1280px-Luttelgeest_vlag.svg.png Luttelgeest
50%
1280px-Noordoostpolder_vlag.svg.png Noordoostpolder 3475 1280px-Flag_of_Ens.svg.png Ens
50%
1280px-Noordoostpolder_vlag.svg.png Noordoostpolder 1770 1280px-Creil_%28Nederland%29_vlag.svg.png Creil
50%
1280px-Noordoostpolder_vlag.svg.png Noordoostpolder 1990 1280px-Nagele_vlag.svg.png Nagele
50%
1280px-Noordoostpolder_vlag.svg.png Noordoostpolder 4010 1280px-Marknesse_vlag.svg.png Marknesse
50%
1280px-Noordoostpolder_vlag.svg.png Noordoostpolder 5 1280px-Vlag_ontbreekt.svg.png Schokland
50%
1280px-Flag_of_Dronten.svg.png Dronten 6485 1280px-Vlag_ontbreekt.svg.png Swifterbant
50%
1280px-Noordoostpolder_vlag.svg.png Noordoostpolder 1610 1920px-Flag_of_Kraggenburg.svg.png Kraggenburg
50%
1280px-Noordoostpolder_vlag.svg.png Noordoostpolder 1665 1920px-Bant_vlag.svg.png Bant
50%
1280px-Noordoostpolder_vlag.svg.png Noordoostpolder 1735 1280px-Espel_vlag.svg.png Espel
50%
Geen overeenkomende quizzen gevonden
Scoreverdeling
Procent van Mensen met Elke Score
Percentiel versus Aantal Correcte Antwoorden
Uw Scoregeschiedenis
U heeft deze quiz nog niet genomen